000 00624nam a2200229Ia 4500
003 OSt
005 20220912153131.0
006 a|||||r|||| 00| 0
007 ta
008 220909b |||||||| |||| 00| 0 eng d
024 _a19390
037 _cTextual
040 _aCSL
_beng
_cCSL
041 _aeng
082 _aY15:6Y773,n5, MO
100 _aEtienne Mona Ed.
245 0 _aWomen and colonization : Anthropological perspectives
300 _ap.
_ccm.
700 _a Leacock Eleanor Ed.
942 _hY15:6Y773,n5, MO
_cTEXL
_2CC
999 _c98667
_d98667